| 000 | 00425nam a2200157Ia 4500 | ||
|---|---|---|---|
| 005 | 20241114174145.0 | ||
| 008 | 240126s9999 xx 000 0 und d | ||
| 020 | _a9789387561250 | ||
| 082 | _a791.43 NEL;1 R | ||
| 100 | _aNelson, Dean. | ||
| 245 | 0 | _aJugaad yatra : exploring the Indian art of problem solving | |
| 260 |
_bAlph Book Company _aNew Delhi _c2018 |
||
| 300 | _axxiii, 175 | ||
| 440 | _aNULL | ||
| 942 | _cPU | ||
| 999 |
_c286226 _d286226 |
||